Normal view
MARC view
- INTERNET COMPLETE USER GUIDE
Entry Topical Term
001 - CONTROL NUMBER
- control field: 78086
003 - CONTROL NUMBER IDENTIFIER
- control field: NUST
005 - DATE AND TIME OF LATEST TRANSACTION
- control field: 20210628210101.0
008 - FIXED-LENGTH DATA ELEMENTS
- fixed length control field: 210628|| aca||aabn | a|a d
040 ## - CATALOGING SOURCE
- Original cataloging agency: NUST
- Transcribing agency: NUST
150 ## - HEADING--TOPICAL TERM
- Topical term or geographic name entry element: INTERNET COMPLETE USER GUIDE
670 ## - SOURCE DATA FOUND
- Source citation: Work cat.: (NUST): Sirockman, Jason 78085, Mcse plus internet complete user guide version 1.2, 1999
